[Event "OP-2012-0-02502"]
[Site "LSS email"]
[Date "2012.11.28"]
[Round "?"]
[White "Pauk, Jozef"]
[Black "O'Donnell, Hugh"]
[Result "1-0"]
[WhiteElo "960"]
[BlackElo "656"]
[PlyCount "39"]
[EventDate "2012.11.15"]
[EventType "tourn (corr)"]
[EventRounds "4"]
[EventCountry "GER"]
[SourceTitle "Telechess CBM 159"]
[Source "ChessBase"]
[SourceDate "2014.03.17"]
[SourceVersion "1"]
[SourceVersionDate "2014.03.17"]
[SourceQuality "1"]

1. b3 e5 2. Bb2 Nc6 3. e4 Bc5 4. Qf3 Qf6 5. Be2 Bxf2+ 6. Kxf2 Nh6 7. Qxf6 gxf6 8. Nf3 Ng4+ 9. Ke1 d5 10. exd5 e4 11. dxc6 b6 12. b4 exf3 13. Bxf3 Ne5 14. d3 Ba6 15. Nc3 0-0-0 16. b5 Rhe8 17. Kd2 Bxb5 18. Nxb5 Nxf3+ 19. gxf3 Re6 20. Nd4 1-0

[Event "IECG QN.2005.0.00363"]
[Site "IECG email"]
[Date "2005.06.17"]
[Round "?"]
[White "Westbrook, Jonathan"]
[Black "O'Donnell, Hugh"]
[Result "1-0"]
[WhiteElo "604"]
[BlackElo "838"]
[PlyCount "47"]
[EventDate "2005.06.17"]
[EventType "tourn (corr)"]
[EventRounds "6"]
[SourceTitle "Corr 2008"]
[Source "ChessBase"]
[SourceDate "2008.06.24"]
[SourceVersion "1"]
[SourceVersionDate "2008.06.24"]
[SourceQuality "1"]

1. c4 e5 2. Nc3 Nf6 3. g3 h5 4. Bg2 Nc6 5. e3 d6 6. Nge2 Be6 7. d4 Bxc4 8. d5 Bxd5 9. Nxd5 Qd7 10. Nxf6+ gxf6 11. Bd2 d5 12. Qb3 0-0-0 13. 0-0-0 Bc5 14. Nc3 d4 15. Ne4 Bb6 16. Nxf6 Qf5 17. Nd5 Qxf2 18. Nxb6+ axb6 19. Bxc6 bxc6 20. Rdf1 Qg2 21. Qxf7 Kb8 22. exd4 Rhf8 23. Qxf8 Rxf8 24. Rxf8+ 1-0

[Event "CFriend SL-2005-0-00032 email"]
[Site "Chessfriend.com"]
[Date "2005.06.05"]
[Round "1"]
[White "Cornacchini, Gabriele"]
[Black "O'Donnell, Hugh"]
[Result "1-0"]
[WhiteElo "1549"]
[BlackElo "684"]
[PlyCount "37"]
[EventDate "2005.06.05"]
[EventType "tourn (corr)"]
[EventRounds "6"]
[SourceTitle "Corr 2008"]
[Source "ChessBase"]
[SourceDate "2008.06.24"]
[SourceVersion "1"]
[SourceVersionDate "2008.06.24"]
[SourceQuality "1"]

1. e4 e5 2. Nf3 Nf6 3. Nxe5 Qe7 4. d4 Nc6 5. Nc3 d6 6. Nxc6 bxc6 7. Bg5 Rb8 8. Rb1 h6 9. Bxf6 Qxf6 10. Qd3 Be6 11. d5 cxd5 12. Nxd5 Rb5 13. Nxf6+ Ke7 14. Qxb5 gxf6 15. Qb8 f5 16. Qxc7+ Kf6 17. exf5 Bxf5 18. Qc3+ Ke7 19. Qxh8 1-0

[Event "CFriend SL-2005-0-00032 email"]
[Site "Chessfriend.com"]
[Date "2005.06.05"]
[Round "1"]
[White "O'Donnell, Hugh"]
[Black "Schalkwijk, Peter H"]
[Result "0-1"]
[WhiteElo "684"]
[BlackElo "1451"]
[PlyCount "34"]
[EventDate "2005.06.05"]
[EventType "tourn (corr)"]
[EventRounds "6"]
[SourceTitle "Corr 2008"]
[Source "ChessBase"]
[SourceDate "2008.06.24"]
[SourceVersion "1"]
[SourceVersionDate "2008.06.24"]
[SourceQuality "1"]

1. e4 Nf6 2. Nc3 d6 3. h3 g6 4. d4 Bg7 5. Bc4 c6 6. Nge2 Nbd7 7. Bf4 Nxe4 8. d5 Nxc3 9. Nxc3 Qa5 10. 0-0 Bxc3 11. Qd3 Bg7 12. Rab1 0-0 13. Rbe1 Nc5 14. Bd2 Nxd3 15. Rxe7 Qxd2 16. Bxd3 Bxh3 17. gxh3 Qg5+ 0-1

[Event "CFriend SL-2005-0-00032 email"]
[Site "Chessfriend.com"]
[Date "2005.06.05"]
[Round "1"]
[White "O'Donnell, Hugh"]
[Black "Vio, Mauro"]
[Result "0-1"]
[WhiteElo "684"]
[BlackElo "1211"]
[PlyCount "44"]
[EventDate "2005.06.05"]
[EventType "tourn (corr)"]
[EventRounds "6"]
[SourceTitle "Corr 2008"]
[Source "ChessBase"]
[SourceDate "2008.06.24"]
[SourceVersion "1"]
[SourceVersionDate "2008.06.24"]
[SourceQuality "1"]

1. e4 e5 2. Nf3 Nc6 3. Nc3 Nf6 4. Bc4 Bc5 5. d3 0-0 6. 0-0 d6 7. h3 a6 8. a4 Na5 9. b3 c6 10. Bg5 b5 11. Bd5 b4 12. Ne2 cxd5 13. exd5 h6 14. Bh4 Bb7 15. c4 g5 16. Nxg5 hxg5 17. Bxg5 Kg7 18. h4 Qd7 19. Rc1 Qg4 20. Re1 Nxd5 21. Kf1 Ne3+ 22. Bxe3 Qxg2# 0-1

[Event "CFriend SL-2005-0-00032 email"]
[Site "Chessfriend.com"]
[Date "2005.06.05"]
[Round "1"]
[White "Stadler, Pavel"]
[Black "O'Donnell, Hugh"]
[Result "1-0"]
[WhiteElo "1629"]
[BlackElo "684"]
[PlyCount "47"]
[EventDate "2005.06.05"]
[EventType "tourn (corr)"]
[EventRounds "6"]
[SourceTitle "Corr 2008"]
[Source "ChessBase"]
[SourceDate "2008.06.24"]
[SourceVersion "1"]
[SourceVersionDate "2008.06.24"]
[SourceQuality "1"]

1. e4 e5 2. Nf3 Nf6 3. d4 Bd6 4. dxe5 Bb4+ 5. c3 Bc5 6. exf6 Qxf6 7. Bg5 Qg6 8. Nbd2 d6 9. Be3 Bg4 10. Bxc5 dxc5 11. h3 Be6 12. Qa4+ c6 13. e5 0-0 14. Qe4 Rd8 15. Qxg6 hxg6 16. Bc4 Na6 17. Bxe6 Rd3 18. Bc4 Rd7 19. Bxa6 Re8 20. Bc4 b5 21. Bb3 c4 22. Bc2 f6 23. Bxg6 Re6 24. Bf5 1-0

[Event "IECG QN.2005.0.00358"]
[Site "IECG email"]
[Date "2005.04.26"]
[Round "?"]
[White "O'Donnell, Hugh"]
[Black "Komcharukova, Marina"]
[Result "1-0"]
[WhiteElo "893"]
[BlackElo "800"]
[PlyCount "47"]
[EventDate "2005.04.26"]
[EventType "tourn (corr)"]
[EventRounds "6"]
[SourceTitle "Corr 2008"]
[Source "ChessBase"]
[SourceDate "2008.06.24"]
[SourceVersion "1"]
[SourceVersionDate "2008.06.24"]
[SourceQuality "1"]

1. e4 e5 2. Nf3 Nc6 3. Bb5 a6 4. Bxc6 bxc6 5. Nxe5 Nf6 6. 0-0 Bd6 7. d4 Bxe5 8. dxe5 Nxe4 9. Nc3 Nxc3 10. bxc3 0-0 11. Ba3 d6 12. Qf3 Bb7 13. Rab1 Rb8 14. exd6 cxd6 15. Rfd1 c5 16. Rxb7 Rxb7 17. Qxb7 a5 18. Bxc5 Re8 19. Bb6 Qe7 20. Qxe7 Rxe7 21. Bxa5 d5 22. c4 Ra7 23. Rxd5 f6 24. a3 1-0

[Event "IECG CN.2005.0.00389 email"]
[Site "IECG email"]
[Date "2005.02.27"]
[Round "?"]
[White "O'Donnell, Hugh"]
[Black "Vio, Mauro"]
[Result "0-1"]
[WhiteElo "800"]
[BlackElo "876"]
[PlyCount "94"]
[EventDate "2005.02.27"]
[EventType "tourn (corr)"]
[EventRounds "6"]
[SourceTitle "Corr 2008"]
[Source "ChessBase"]
[SourceDate "2008.06.24"]
[SourceVersion "1"]
[SourceVersionDate "2008.06.24"]
[SourceQuality "1"]

1. e4 Nc6 2. Nc3 e5 3. Nf3 Nf6 4. Bb5 Bc5 5. 0-0 0-0 6. Nxe5 Nxe5 7. d4 Bd6 8. f4 Ng6 9. f5 Ne5 10. Bf4 Qe7 11. Bg5 Neg4 12. e5 Bxe5 13. h3 a6 14. Bc4 h6 15. dxe5 Qxe5 16. hxg4 Qc5+ 17. Kh1 hxg5 18. Bd5 Qb4 19. Rb1 Qxg4 20. Ne4 Qh4+ 21. Kg1 Nxe4 22. Bxe4 Qxe4 23. Qd2 Qg4 24. Rbe1 d6 25. Qf2 Bd7 26. Re7 Bc6 27. f6 Rae8 28. Rfe1 gxf6 29. Rxe8 Rxe8 30. Rxe8+ Bxe8 31. Qxf6 Bc6 32. Qf2 Be4 33. c3 Qxg2+ 34. Qxg2 Bxg2 35. Kxg2 f5 36. Kf3 c5 37. Ke3 d5 38. a3 Kf7 39. a4 f4+ 40. Kf3 Kg6 41. b3 Kf5 42. Ke2 g4 43. b4 f3+ 44. Kf2 cxb4 45. cxb4 Kf4 46. b5 g3+ 47. Kg1 f2+ 0-1